| 000 | 00742nam a2200265 i 4500 | ||
|---|---|---|---|
| 001 | C2-0242798 | ||
| 003 | PPAK | ||
| 005 | 20180727204718.0 | ||
| 008 | 021003s2001 at a|||| ||||| | eng d | ||
| 020 | _a1864501588 | ||
| 040 |
_aPPAK _beng _cPPAK _erda |
||
| 082 | 0 | 4 |
_a915.90405 _223 |
| 090 | 0 | 0 |
_a915.90405 _bSOU _dR |
| 245 | 0 | 0 |
_aSouth East Asia : _bon a shoestring |
| 264 | 1 |
_aMelbourne : _bLonely Planet Publications , _c2001 |
|
| 300 |
_a976 pages : _bcolour illustrations ; _c19 cm |
||
| 336 |
_2rdacontent _atext |
||
| 337 |
_2rdamedia _aunmediated |
||
| 338 |
_2rdacarrier _avolume |
||
| 490 | 1 | _aLonely planet | |
| 650 | 1 | 0 | _aAsia, Southeastern - Guidebooks |
| 700 | _eauthor | ||
| 830 | 0 | _aLonely planet | |
| 942 |
_ddc _cB |
||
| 999 |
_c57516 _d57516 |
||